Principles of laser spectroscopy and quantum optics / (رقم التسجيلة. 31412)

تفاصيل مارك
000 -الفاتح
حقل البيانات ثابتة الطول 01171cam a2200313 a 4500
001 - رقم الضبط
رقم الضبط 16198942
003 - محدد رقم الضبط
رقم الضبط OSt
005 - وقت وتاريخ اخر تعامل مع التسجيلة
رقم الضبط 20150408114144.0
008 - عناصر البيانات ثابتة الطول - معلومات عامة
حقل البيانات ثابتة الطول 100422s2011 njua b 001 0 eng
010 ## - رقم ضبط مكتبة الكونجرس
رقم ضبط مكتبة الكونجرس 2010014005
015 ## - رقم الببليوجرافية الوطنية
رقم الببليوجرافية الوطنية GBB0A7599
المصدر bnb
016 7# - رقم ضبط الوكاله الوطنية للضبط الببليوجرافي
رقم ضبط التسجيلة 015644213
المصدر Uk
020 ## - الرقم الدولى المعيارى للكتب
الرقم الدولى المعيارى للكتاب 9780691140568 (hardback : alk. paper)
020 ## - الرقم الدولى المعيارى للكتب
الرقم الدولى المعيارى للكتاب 0691140561 (hardback : alk. paper)
035 ## - رقم ضبط النظام
رقم ضبط النظام (OCoLC)ocn587249002
040 ## - مصدر الفهرسة
وكالة الفهرسة الأصلية DLC
وكالة النسخ DLC
وكالة التعديل YDX
-- BTCTA
-- YDXCP
-- UKM
-- CDX
-- BWX
-- DLC
082 00 - رقم تصنيف ديوى العشرى
رقم التصنيف 535.15
رقم الطبعة 22
رقم المادة BPP
100 1# - المدخل الرئيسى - إسم شخصى
الإسم الشخصى Berman, Paul R.,
التواريخ المصاحبة للاسم 1945-
9 (RLIN) 38121
245 10 - بيان العنوان
العنوان Principles of laser spectroscopy and quantum optics /
بيان المسئوليه,etc Paul R. Berman, Vladimir S. Malinovsky.
260 ## - PUBLICATION, DISTRIBUTION, ETC. (IMPRINT)
مكان الناشر او الموزع Princeton, N.J. :
اسم الناشر او الموزع Princeton University Press,
تاريخ النشر أو التوزيع c2011.
300 ## - الوصف المادى
التعداد xvi, 519 p. :
تفاصيل ماديه اخرى للوعاء ill. ;
أبعاد الوعاء 27 cm.
504 ## - تبصرة ببليوجرافية
تبصرة ببليوجرافية,الخ Includes bibliographical references and index.
650 #0 - المدخل الاضافى بالموضوع-مصطلح موضوعى
مصطلح موضوعي أو اسم جغرافي كعنصر مدخل Quantum optics.
9 (RLIN) 38122
650 #0 - المدخل الاضافى بالموضوع-مصطلح موضوعى
مصطلح موضوعي أو اسم جغرافي كعنصر مدخل Laser spectroscopy.
9 (RLIN) 18623
700 1# - المدخل الاضافى - اسم شخصى
الإسم الشخصى Malinovsky, Vladimir S.,
التواريخ المصاحبة للاسم 1962-
9 (RLIN) 38123
906 ## - عنصر بيانات محلى F, LDF (RLIN)
a 7
b cbc
c orignew
d 1
e ecip
f 20
g y-gencatlg
942 ## - عناصر المدخل الإضافي( كوها)
مصدر التصنيف او مخطط الترفيف Dewey Decimal Classification
Koha [default] item type كتاب
المقتنيات
حالة الفقد نموذج السعر الفعال حالة تلف ليس للاعارة رقم الطلب رقم النسخة تاريخ الاكتساب الموقع الحالي الباركود الفرع الرئيسي Date last seen نوع المادة فى نظام كوها مصدر التصنيف او خطة الترفيف Total Checkouts
  2013-10-22   Not For Loan 535.15 BPP 1 2013-10-22 المكتبة المركزية بالمجمعة (CL) 00207025 المكتبة المركزية بالمجمعة (CL) 2013-10-22 كتاب Dewey Decimal Classification  
  2013-10-22     535.15 BPP 2 2013-10-22 المكتبة المركزية بالمجمعة (CL) 00207024 المكتبة المركزية بالمجمعة (CL) 2013-10-22 كتاب Dewey Decimal Classification  
  2013-10-22     535.15 BPP 3 2013-10-22 المكتبة المركزية بالمجمعة (CL) 00207023 المكتبة المركزية بالمجمعة (CL) 2013-10-22 كتاب Dewey Decimal Classification  
  2013-10-22   Not For Loan 535.15 BPP 1 2013-10-22 مكتبة مجمع الكليات بالزلفى - طلاب (SZM) 00207022 مكتبة مجمع الكليات بالزلفى - طلاب (SZM) 2013-10-22 كتاب Dewey Decimal Classification  
  2013-10-22     535.15 BPP 2 2013-10-22 مكتبة مجمع الكليات بالزلفى - طلاب (SZM) 00207021 مكتبة مجمع الكليات بالزلفى - طلاب (SZM) 2013-10-22 كتاب Dewey Decimal Classification